000 00407nam a2200181Ia 4500
005 20250425162450.0
008 250425s9999 xx 000 0 und d
041 _aeng
082 _a589.3
245 0 _aA MANUAL OF FRESH-WATER ALGAE
250 _aS.E.
260 _aEstados Unidos
_bSPARKS PRESS
_c1973
260 _aNEW YORK
300 _a323
650 _aALGAS
942 _c01
010 _a75961
999 _c229794
_d229794